Meranie transportu Ca2+ cez membrány vláknitých húb.

Saved in:
Bibliographic Details
Main Author: Jurkasová, Andrea (Author)
Other Authors: Šimkovič, Martin (Thesis advisor)
Format: Manuscript Book
Language:Slovak
Published: 2016
Subjects:
Online Access:http://is.stuba.sk/zp/portal_zp.pl?podrobnosti=101127
Tags: Add Tag
No Tags, Be the first to tag this record!

MARC

LEADER 00000ntm a22000003a 4500
001 stuzp58605
003 SK-STU
005 20160719155622.7
007 ta
008 150427s2015----xo-----f-mn---000-0-slo-d
040 |a STU  |b slo 
041 0 |a slo 
100 1 |a Jurkasová, Andrea  |u 043000  |4 aut  |U FCHPT Fakulta chemickej a potravinárskej technológie  |T FCHPT Ústav biochémie a mikrobiológie  |X 60037  |U C3000  |Y 101  |7 60037 
242 0 1 |a Measurement of Ca2+ transport through membranes of filamentous fungi  |y eng 
245 1 0 |a Meranie transportu Ca2+ cez membrány vláknitých húb. 
260 |c 2016 
650 4 |a Ca2+  |2 slo 
650 4 |a homeostáza  |2 slo 
650 4 |a transport  |2 slo 
650 4 |a Fluo-4  |2 slo 
650 4 |a vláknité huby  |2 slo 
650 4 |a Trichoderma spp.  |2 slo 
650 4 |a Ca2+  |2 eng 
650 4 |a homeostasis  |2 eng 
650 4 |a transport  |2 eng 
650 4 |a Fluo-4  |2 eng 
650 4 |a moluds  |2 eng 
650 4 |a Trichoderma spp.  |2 eng 
700 1 |a Šimkovič, Martin  |u 043000  |k Z1  |4 ths  |U FCHPT Fakulta chemickej a potravinárskej technológie  |T FCHPT Ústav biochémie a mikrobiológie  |X 3961  |U C3000  |Y 101  |7 A000003961 
856 4 |u http://is.stuba.sk/zp/portal_zp.pl?podrobnosti=101127 
SQL |a stuzp58605  |b DBP  |c SLO  |d Meranie transportu Ca2+ cez membrány vláknitých húb.  |e 60037  |f Jurkasová, Andrea  |g 043000  |h 3961  |i Šimkovič, Martin  |j 20160712  |k 752  |l 04  |m http://is.stuba.sk/zp/portal_zp.pl?podrobnosti=101127  |n B-BIOPOT  |o 5.2.25. biotechnológie